|
|
|
|
| LEADER |
02017nam a2200325 a 4500 |
| 001 |
0013038 |
| 003 |
BD-DhAAL |
| 008 |
090531s2000 enkab b 001 0 eng d |
| 010 |
|
|
|a 2001525746
|
| 020 |
|
|
|a 0140289216
|
| 040 |
|
|
|a DLC
|c DLC
|d DLC
|d BD-DhAAL
|
| 082 |
0 |
0 |
|a 306.44
|2 21
|
| 100 |
1 |
|
|a Trudgill, Peter.
|9 58384
|
| 245 |
1 |
0 |
|a Sociolinguistics :
|b an introduction to language and society /
|c Peter Trudgill.
|
| 250 |
|
|
|a 4th ed.
|
| 260 |
|
|
|a London ;
|a New York :
|b Penguin,
|c 2000.
|
| 300 |
|
|
|a xii, 222 p. :
|b ill., maps ;
|c 20 cm
|
| 504 |
|
|
|a Includes bibliographical references (p. [205]-210) and index.
|
| 526 |
|
|
|a ENH
|
| 541 |
1 |
|
|a Words N' Pages
|e 00013038, 0013039, 0017268
|
| 650 |
|
0 |
|a Sociolinguistics.
|
| 852 |
4 |
|
|a Ayesha Abed Library
|c General Stacks
|
| 942 |
|
|
|2 ddc
|c BK
|
| 999 |
|
|
|c 1178
|d 1178
|
| 952 |
|
|
|0 0
|1 0
|2 ddc
|4 0
|6 306_440000000000000_TRU
|7 0
|9 1065
|a BRACUL
|b BRACUL
|c GEN
|d 2009-06-24
|g 0.00
|l 1
|o 306.44 TRU
|p 3010013038
|r 2015-05-18
|s 2015-05-12
|t 1
|w 2009-06-24
|y BK
|x No price found in the accession register.
|
| 952 |
|
|
|0 0
|1 0
|2 ddc
|4 0
|6 306_440000000000000_TRU
|7 0
|9 9883
|a BRACUL
|b BRACUL
|c GEN
|d 2010-05-06
|l 4
|m 7
|o 306.44 TRU
|p 3010013039
|r 2025-08-24
|s 2025-08-10
|t 2
|w 2010-05-06
|y BK
|x Price not available in Register
|
| 952 |
|
|
|0 0
|1 0
|2 ddc
|4 0
|6 306_440000000000000_TRU_2000
|7 0
|9 10496
|a BRACUL
|b BRACUL
|c GEN
|d 2010-05-25
|e Words N' Pages
|g 955.00
|l 3
|m 2
|o 306.44 TRU
|p 3010017268
|r 2020-02-16
|s 2020-02-02
|t 3
|w 2010-05-25
|y BK
|
| 952 |
|
|
|0 0
|1 0
|2 ddc
|4 0
|6 306_440000000000000_TRU
|7 0
|9 16877
|a BRACUL
|b BRACUL
|c GEN
|d 2011-05-30
|e Karim International
|g 725.00
|l 5
|m 49
|o 306.44 TRU
|p 3010022732
|r 2015-08-08
|s 2015-08-08
|t 4
|w 2011-05-30
|y BK
|
| 952 |
|
|
|0 0
|1 0
|2 ddc
|4 0
|6 306_440000000000000_TRU
|7 0
|9 16878
|a BRACUL
|b BRACUL
|c GEN
|d 2011-05-30
|e Karim International
|g 725.00
|l 1
|m 10
|o 306.44 TRU
|p 3010022731
|r 2016-11-29
|s 2016-09-18
|t 5
|w 2011-05-30
|y BK
|
| 952 |
|
|
|0 0
|1 0
|2 ddc
|4 0
|6 306_440000000000000_TRU
|7 0
|9 16879
|a BRACUL
|b BRACUL
|c GEN
|d 2011-05-30
|e Karim International
|g 725.00
|l 1
|m 1
|o 306.44 TRU
|p 3010022730
|r 2016-09-20
|s 2016-09-04
|t 6
|w 2011-05-30
|y BK
|